000 00909cam a22001934a 4500
005 20250605164135.0
008 250528s ||||||||||||||||||||||||d
035 _a18748
020 _a295952407
040 _aGR-AtMCL
_bgre
_dGR-AtMCL
_eAACR2
245 1 _aThe Politics of the Ocean
260 _bUniversity Of Washington Press,
_c1972
300 _a592
520 _aAbbreviations, Introduction, Political Geography of the Blue Planet, Translating Scientific Discovery into Cultural Development, Implementing the Legislative Mandate, Managing the Coastal Environment, Proposition: To Unravel the Mysteries of the Sea, One Sea and One World, Marine Resources: Government-Industry Synergism, Organizing Federal Efforts, Policy Implications from a Decade of Marine Development, Alternative Marine Futures.
700 1 _aWenk Edward Jr
_95001
942 _cBK
999 _c4066
_d4066